La transformación de la mente moderna. Cómo las buenas intenciones y las malas ideas están condenando a una generación al fracaso.
Gespeichert in:
| 1. Verfasser: | |
|---|---|
| Weitere Verfasser: | , |
| Format: | Unbekannt |
| Sprache: | Englisch |
| Veröffentlicht: |
Barcelona, España:
Ediciones Deusto,
2020
|
| Ausgabe: | Tercera edición. |
| Schlagworte: | |
| Tags: |
Tag hinzufügen
Keine Tags, Fügen Sie den ersten Tag hinzu!
|
MARC
| LEADER | 00000 a2200000 4500 | ||
|---|---|---|---|
| 003 | CL-VaPUC | ||
| 005 | 20220502092147.0 | ||
| 008 | 220414b2020 ||||| |||| 00| 0 eng d | ||
| 999 | |c 434645 |d 434643 | ||
| 020 | |a 978-84-234-3075-8 | ||
| 040 | |c Pontificia Universidad Católica de Valparaíso | ||
| 082 | 7 | |a 306.20973 HAI 2020 |2 22 | |
| 100 | 1 | |a Haidt, Jonathan |e autor |9 866778 | |
| 245 | 1 | 3 | |a La transformación de la mente moderna. |b Cómo las buenas intenciones y las malas ideas están condenando a una generación al fracaso. |
| 250 | |a Tercera edición. | ||
| 260 | |a Barcelona, España: |b Ediciones Deusto, |c 2020 | ||
| 300 | |a 437 páginas | ||
| 583 | |k Cristina María Rojas Aguilar |c 20220414 | ||
| 650 | 0 | |a Libertad académica |9 549774 |z Estados Unidos | |
| 650 | 0 | |a Libertad de expresión |9 329993 |z Estados Unidos | |
| 650 | 0 | |a Universidades y colegios |x Derecho y legislación |z Estados Unidos |9 868530 | |
| 650 | 0 | |a Polarización (Ciencias sociales) |9 354950 |z Estados Unidos | |
| 700 | |a Lukianoff, Greg |e autor |9 868509 | ||
| 700 | |a Puertollano, Verónica |e traductora |9 868510 | ||
| 942 | |2 ddc |c BK | ||
| 952 | |0 0 |1 0 |2 ddc |4 0 |6 306_209730000000000_HAI_2020 |7 0 |8 A |9 582586 |a BIBEDU |b BIBEDU |c GEN |d 2022-04-13 |e 3 |g 26944.00 |i 5650589 |o 306.20973 HAI 2020 |p 5650589 |r 2022-04-13 |t 1 |v 26944.00 |w 2022-04-13 |y BK |k FIL | ||